000 00485nam a2200157Ia 4500
008 220216s9999 xx 000 0 und d
100 _aKells Andrews
245 0 _aAdvances in xNBR latex design and modes of crosslinking for synthetic glove dipping applications. Part. 2
260 _bRubber International Magazine
_c2012
300 _a21-26
650 _aCrosslinking
650 _aPolymer design
650 _aSulphur vulcanisation
650 _axNBR latex design
942 _cJS
999 _c53889
_d53889